000 01570nam0a22003611 4500
001 rc\2910258
005 20250805160813.4
035 _a(NLR Aleph) 007061016
090 _a6285362
_c6285362
100 _a20110806d1943 |||y0rusy50 ca
101 0 _arus
102 _aRU
105 _aa z |||||
135 _acrbn 008apadp
200 1 _aВыращивание семян овощных растений
_eОднолетние, двухлетние и многолетние овощные растения
_fдоц. Г.В. Домрачев
210 _a[Ленинград]
_c[Лениздат]
_d[1943]
215 _a16 с., без обл. и тит. л.
_cил.
_d20 см
225 1 _aВ помощь огороднику
325 _aКопия доступна в Электрон. б-ке РНБ
700 1 _aДомрачев
_bГ. В.
_f1891-
_gГригорий Васильевич
801 0 _aRU
_bNLR
_gpsbo
801 1 _aRU
_bELAR
_2rusmarc
852 _aNLR
_bС
_j40 Г-4/180
856 0 _uhttp://vivaldi.nlr.ru/ab000002113/view
856 1 _uhttp://vivaldi.nlr.ru/ab000002113/cover
856 2 _uhttp://vivaldi.nlr.ru/ab000002113/text
901 _eКнижные издания
942 _cBOOK
945 _aРоссийская национальная библиотека
980 _aNB
980 _aBV
981 3 7 _a(37) Ленинград в Великой Отечественной войне
_b(37) Книги блокадного Ленинграда
981 3 4 _a(34) Санкт-Петербург